[Event "World ol U16"]
[Site "Eindhoven"]
[Date "2023.08.17"]
[Round "8.13"]
[White "Madi, Aidana"]
[Black "Pool, Linda Maria"]
[Result "1-0"]
[WhiteElo "1736"]
[BlackElo "1425"]
[PlyCount "73"]
[EventDate "2023.08.13"]
[EventType "team-swiss"]
[EventRounds "9"]
[EventCountry "NED"]
[SourceTitle "CBM 215 Extra"]
[Source "ChessBase"]
[SourceDate "2023.09.30"]
[SourceVersion "1"]
[SourceVersionDate "2023.09.30"]
[SourceQuality "1"]
[WhiteTeam "Kazakhstan IV"]
[BlackTeam "Estonia"]
[WhiteTeamCountry "KAZ"]
[BlackTeamCountry "EST"]

1. e4 e6 2. d4 d5 3. Nd2 Nf6 4. e5 Nfd7 5. Bd3 c5 6. c3 Nc6 7. Ne2 cxd4 8. cxd4 f6 9. exf6 Nxf6 10. Nf3 Bd6 11. 0-0 0-0 12. Bf4 Qc7 13. Bxd6 Qxd6 14. Bb5 a6 15. Bxc6 bxc6 16. Rc1 Nd7 17. Qc2 Bb7 18. Qc3 Rac8 19. b4 Rce8 20. Ne5 Nxe5 21. dxe5 Qc7 22. f4 a5 23. bxa5 Ba6 24. Qe3 Ra8 25. Rfe1 Bxe2 26. Rxe2 Rxa5 27. Qh3 Qb6+ 28. Kh1 c5 29. Qe3 Qa6 30. h3 Rxf4 31. Qxf4 Qxe2 32. Rf1 h6 33. Rf2 Qa6 34. Qf8+ Kh7 35. Rf7 Kg6 36. Qxg7+ Kh5 37. Qg4# 1-0

[Event "World ol U16"]
[Site "Eindhoven"]
[Date "2023.08.13"]
[Round "1.5"]
[White "Giang, Tran Nam"]
[Black "Madi, Aidana"]
[Result "1-0"]
[WhiteElo "2229"]
[BlackElo "1736"]
[PlyCount "99"]
[EventDate "2023.08.13"]
[EventType "team-swiss"]
[EventRounds "9"]
[EventCountry "NED"]
[SourceTitle "CBM 215 Extra"]
[Source "ChessBase"]
[SourceDate "2023.09.30"]
[SourceVersion "1"]
[SourceVersionDate "2023.09.30"]
[SourceQuality "1"]
[WhiteTeam "Hungary"]
[BlackTeam "Kazakhstan IV"]
[WhiteTeamCountry "HUN"]
[BlackTeamCountry "KAZ"]

1. e4 c6 2. Nf3 d5 3. Nc3 Bg4 4. h3 Bxf3 5. Qxf3 e6 6. d3 Nd7 7. g3 Bb4 8. Bd2 d4 9. Nb1 Qb6 10. c3 dxc3 11. Nxc3 Ngf6 12. a3 Ne5 13. Qe2 Be7 14. Be3 Qa5 15. f4 Ned7 16. Bg2 e5 17. 0-0 0-0 18. f5 Bc5 19. Kh2 Bxe3 20. Qxe3 Qb6 21. Qe2 Nc5 22. b4 Nb3 23. Rab1 Nd4 24. Qd1 a5 25. g4 axb4 26. g5 Ne8 27. axb4 Ra3 28. Na4 Qb5 29. Nc5 b6 30. Nd7 Rxd3 31. Qg4 Nf3+ 32. Rxf3 Rxd7 33. Rf2 Rd4 34. h4 f6 35. h5 fxg5 36. Qxg5 h6 37. Qe7 Nf6 38. Bf1 Qa4 39. Qe6+ Kh8 40. Ra2 Qxa2+ 41. Qxa2 Rfd8 42. Bg2 Nxh5 43. Rb2 Nf4 44. Bf3 Rd3 45. Rf2 R3d4 46. Qf7 R4d7 47. Qc4 Rd4 48. Qxc6 Rxb4 49. Qc7 Rd3 50. Qxe5 1-0

[Event "Asian Continental (Women) op 20th"]
[Site "Almaty"]
[Date "2023.06.10"]
[Round "8"]
[White "Kaldarova, Ayaulym"]
[Black "Madi, Aidana"]
[Result "1-0"]
[WhiteElo "1903"]
[BlackElo "1587"]
[PlyCount "103"]
[EventDate "2023.06.04"]
[EventType "swiss"]
[EventRounds "9"]
[EventCountry "KAZ"]
[SourceTitle "CBM 214 Extra"]
[Source "ChessBase"]
[SourceDate "2023.07.31"]
[SourceVersion "1"]
[SourceVersionDate "2023.07.31"]
[SourceQuality "1"]

1. Nf3 Nf6 2. c4 e6 3. g3 a6 4. Bg2 b5 5. b3 Bb7 6. 0-0 Be7 7. Bb2 d6 8. d3 0-0 9. e4 Nbd7 10. Ne1 c5 11. Nd2 Qc7 12. Qe2 Rfd8 13. f4 Nb6 14. Rc1 Nfd7 15. Nef3 Re8 16. g4 d5 17. e5 f6 18. exf6 Bxf6 19. Bxf6 Nxf6 20. Ne5 Nbd7 21. Ndf3 Nxe5 22. Nxe5 Nd7 23. Rce1 bxc4 24. dxc4 d4 25. Qd3 Bxg2 26. Kxg2 Nxe5 27. Rxe5 a5 28. a4 Ra6 29. Rf3 Rb6 30. Qe4 Qb8 31. Rxc5 Rxb3 32. Rb5 Rxb5 33. axb5 Qb6 34. Rh3 g6 35. Rd3 Rd8 36. Qe5 Qb7+ 37. Kg1 Qd7 38. h4 a4 39. c5 Qd5 40. c6 Qc4 41. c7 Qc1+ 42. Kf2 Qc2+ 43. Ke1 Qc1+ 44. Ke2 Re8 45. Rxd4 a3 46. Rd8 Qc4+ 47. Kf2 Qc2+ 48. Kf3 Rf8 49. c8Q Qxc8 50. Rxc8 Rxc8 51. b6 a2 52. b7 1-0

[Event "Asian Continental (Women) op 20th"]
[Site "Almaty"]
[Date "2023.06.07"]
[Round "5"]
[White "Madi, Aidana"]
[Black "Bauyrzhan, Arnash"]
[Result "1-0"]
[WhiteElo "1587"]
[BlackElo "2031"]
[PlyCount "71"]
[EventDate "2023.06.04"]
[EventType "swiss"]
[EventRounds "9"]
[EventCountry "KAZ"]
[SourceTitle "CBM 214 Extra"]
[Source "ChessBase"]
[SourceDate "2023.07.31"]
[SourceVersion "1"]
[SourceVersionDate "2023.07.31"]
[SourceQuality "1"]

1. e4 c5 2. Nf3 e6 3. d4 cxd4 4. Nxd4 a6 5. c4 Nf6 6. Nc3 Bb4 7. e5 Ne4 8. Qg4 Nxc3 9. a3 Bf8 10. bxc3 h5 11. Qg3 h4 12. Qe3 Bc5 13. Bd3 d6 14. exd6 0-0 15. Qe5 Qxd6 16. Qh5 f5 17. Be3 Nc6 18. Qxh4 e5 19. Nxc6 bxc6 20. Bxc5 Qxc5 21. 0-0 e4 22. Bc2 Be6 23. Rfe1 Qe5 24. Re3 Rf6 25. Qg5 Rh6 26. Rg3 Qf6 27. Rd1 Qxg5 28. Rxg5 Rb8 29. h3 Rb7 30. Ba4 Kf7 31. Rg3 f4 32. Rg5 Kf6 33. Rc5 e3 34. fxe3 Rg6 35. Bxc6 fxe3 36. Bf3 1-0

[Event "Asian Continental (Women) op 20th"]
[Site "Almaty"]
[Date "2023.06.06"]
[Round "3"]
[White "Sukandar, Irine Kharisma"]
[Black "Madi, Aidana"]
[Result "1-0"]
[WhiteElo "2383"]
[BlackElo "1587"]
[PlyCount "82"]
[EventDate "2023.06.04"]
[EventType "swiss"]
[EventRounds "9"]
[EventCountry "KAZ"]
[SourceTitle "CBM 214 Extra"]
[Source "ChessBase"]
[SourceDate "2023.07.31"]
[SourceVersion "1"]
[SourceVersionDate "2023.07.31"]
[SourceQuality "1"]

1. e4 c6 2. d4 d5 3. Nd2 dxe4 4. Nxe4 Nf6 5. Nxf6+ exf6 6. Be3 Bd6 7. Bd3 Na6 8. a3 Nc7 9. c4 h5 10. Ne2 Kf8 11. h3 g6 12. Qd2 Kg7 13. Nc3 Be6 14. Rd1 Qd7 15. d5 cxd5 16. cxd5 Bf5 17. Qe2 Bxd3 18. Qxd3 h4 19. 0-0 Rh5 20. Rd2 Rd8 21. Rfd1 Qe8 22. Qe4 Qd7 23. Bxa7 Re8 24. Qf3 Rf5 25. Qg4 Rfe5 26. Rf1 Qe7 27. Bd4 Re1 28. Rd1 Rxd1 29. Qxd1 b5 30. Qg4 b4 31. axb4 Bxb4 32. Qxh4 Bxc3 33. bxc3 Nxd5 34. Ra1 Qe2 35. Qg3 Qd2 36. Kh2 Re6 37. Ra8 Rc6 38. Rd8 Qa2 39. Qh4 g5 40. Qxg5+ Kh7 41. Qh5+ Kg7 1-0

[Event "Wch Blitz (Women)"]
[Site "Almaty"]
[Date "2022.12.30"]
[Round "12"]
[White "Bauyrzhan, Arnash"]
[Black "Madi, Aidana"]
[Result "0-1"]
[WhiteElo "1941"]
[BlackElo "1561"]
[PlyCount "142"]
[EventDate "2022.12.29"]
[EventType "swiss (blitz)"]
[EventRounds "17"]
[EventCountry "KAZ"]
[SourceTitle "CBM 211 Extra"]
[Source "ChessBase"]
[SourceDate "2023.01.31"]
[SourceVersion "1"]
[SourceVersionDate "2023.01.31"]
[SourceQuality "1"]

1. e4 c5 2. Nf3 d6 3. Bb5+ Bd7 4. Bxd7+ Nxd7 5. 0-0 e6 6. b3 Be7 7. Bb2 Ngf6 8. Qe2 0-0 9. c4 a6 10. d4 cxd4 11. Nxd4 Nc5 12. Nc3 Rb8 13. Rad1 Qc7 14. Kh1 Nfd7 15. b4 b5 16. bxc5 dxc5 17. Nb3 bxc4 18. Qxc4 Nb6 19. Qe2 c4 20. Nd4 Nd7 21. Nf3 Qb7 22. Rb1 Qc6 23. Bc1 Bb4 24. Rxb4 Rxb4 25. Ba3 a5 26. Bxb4 axb4 27. Nb1 Ra8 28. Rc1 Nb6 29. Ne5 Qa4 30. Nxc4 Nd7 31. Nd6 Qa5 32. h3 h6 33. Rc2 Qe5 34. Nc4 Qa1 35. Qd1 Nc5 36. f3 Na4 37. Rd2 Qf6 38. Rd7 Nc3 39. Nxc3 bxc3 40. Qc2 Rb8 41. e5 Qf4 42. Rd1 Qxc4 43. Rc1 Rc8 44. a4 Qb4 45. Kh2 Qc5 46. f4 Qb4 47. Kh1 Qxf4 48. Qd1 Qb4 49. Qc2 Qc5 50. Qe2 c2 51. Qd3 Qf2 52. Qb3 Qd2 53. Qb2 Qd3 54. Kh2 Qe2 55. Kh1 Qe4 56. Kh2 Qe2 57. Kh1 Qd2 58. Kh2 Qf2 59. Kh1 Qd2 60. Kh2 Qd5 61. Kh1 Qe4 62. Kh2 Rc5 63. Qb3 Qxe5+ 64. Kh1 Qe4 65. a5 Rxa5 66. Rxc2 Ra1+ 67. Kh2 Qf4+ 68. g3 Qf1 69. Rc8+ Kh7 70. Qc2+ g6 71. Qb2 Qg1# 0-1

[Event "Wch Blitz (Women)"]
[Site "Almaty"]
[Date "2022.12.30"]
[Round "14"]
[White "Mikhaylova, Irina"]
[Black "Madi, Aidana"]
[Result "1-0"]
[WhiteElo "2039"]
[BlackElo "1561"]
[PlyCount "88"]
[EventDate "2022.12.29"]
[EventType "swiss (blitz)"]
[EventRounds "17"]
[EventCountry "KAZ"]
[SourceTitle "CBM 211 Extra"]
[Source "ChessBase"]
[SourceDate "2023.01.31"]
[SourceVersion "1"]
[SourceVersionDate "2023.01.31"]
[SourceQuality "1"]

1. Nf3 d5 2. c4 e6 3. g3 c5 4. Bg2 Nc6 5. 0-0 Nf6 6. cxd5 exd5 7. d4 cxd4 8. Nxd4 Bc5 9. Nb3 Bb6 10. Bg5 d4 11. N1d2 h6 12. Bxf6 Qxf6 13. Nc4 0-0 14. Rc1 Rd8 15. Qd3 Bf5 16. Be4 Bh3 17. Rfd1 Nb4 18. Qf3 Qxf3 19. Bxf3 d3 20. exd3 Nxd3 21. Rc2 Rac8 22. Bxb7 Bxf2+ 23. Rxf2 Rxc4 24. Rfd2 Rb4 25. Ba6 Rd6 26. Bxd3 g6 27. Bf1 Rxd2 28. Rxd2 Be6 29. Rd3 Re4 30. Kf2 Re5 31. Rc3 Rd5 32. Bg2 Rd1 33. Bf3 Rb1 34. Rc2 Bf5 35. Rd2 Rh1 36. Bxh1 a6 37. Re2 Kg7 38. Be4 Be6 39. Rd2 Bc4 40. Rd7 Kf6 41. Ra7 Bb5 42. Bb7 Ke7 43. Bxa6+ Kd6 44. Bxb5 Kd5 1-0

[Event "Wch Blitz (Women)"]
[Site "Almaty"]
[Date "2022.12.29"]
[Round "3"]
[White "Mikheeva, Galina"]
[Black "Madi, Aidana"]
[Result "1-0"]
[WhiteElo "1969"]
[BlackElo "1561"]
[PlyCount "73"]
[EventDate "2022.12.29"]
[EventType "swiss (blitz)"]
[EventRounds "17"]
[EventCountry "KAZ"]
[SourceTitle "CBM 211 Extra"]
[Source "ChessBase"]
[SourceDate "2023.01.31"]
[SourceVersion "1"]
[SourceVersionDate "2023.01.31"]
[SourceQuality "1"]

1. e4 c5 2. Nf3 d6 3. Bb5+ Bd7 4. Bxd7+ Qxd7 5. c4 g6 6. d4 cxd4 7. Nxd4 Bg7 8. 0-0 Nc6 9. Be3 Nf6 10. f3 0-0 11. Nc3 Rac8 12. Rc1 a6 13. b3 Nxd4 14. Bxd4 b5 15. cxb5 axb5 16. Qd3 Ra8 17. Nxb5 Rxa2 18. Rc7 Qe6 19. Rfc1 Rfa8 20. Be3 d5 21. Nd4 dxe4 22. Nxe6 exd3 23. Rc8+ Ne8 24. Nxg7 Kxg7 25. Bd4+ Nf6 26. Rxa8 Rxa8 27. Rd1 Rd8 28. Be5 Rd5 29. Bc3 e5 30. Kf2 Nd7 31. Ke3 Rb5 32. Rxd3 Nb6 33. Kd2 f6 34. Kc2 Nd5 35. Bd2 Rc5+ 36. Kb2 Rb5 37. Ka3 1-0

[Event "Wch Rapid (Women)"]
[Site "Almaty"]
[Date "2022.12.27"]
[Round "8"]
[White "Madi, Aidana"]
[Black "Druzhinina, Olga"]
[Result "1-0"]
[WhiteElo "1709"]
[BlackElo "2010"]
[PlyCount "59"]
[EventDate "2022.12.26"]
[EventType "swiss (rapid)"]
[EventRounds "11"]
[EventCountry "KAZ"]
[SourceTitle "CBM 211 Extra"]
[Source "ChessBase"]
[SourceDate "2023.01.31"]
[SourceVersion "1"]
[SourceVersionDate "2023.01.31"]
[SourceQuality "1"]

1. e4 c5 2. d4 cxd4 3. c3 dxc3 4. Nxc3 Nc6 5. Nf3 e6 6. Bc4 a6 7. 0-0 b5 8. Bb3 Nge7 9. Bg5 h6 10. Bh4 d6 11. Qe2 Na5 12. Rfd1 Nxb3 13. axb3 Bb7 14. Qd3 g5 15. Bg3 Nc8 16. Be5 Rg8 17. Bg3 Rh8 18. Qe2 Be7 19. Rd2 Qb6 20. Rad1 Kf8 21. b4 h5 22. h4 g4 23. Nd4 Qd8 24. Qe3 Bxh4 25. e5 d5 26. Qf4 Kg7 27. Ne4 Qe7 28. Bxh4 Qxh4 29. Ng5 Rf8 30. g3 1-0

[Event "KAZ-ch U16 Girls"]
[Site "Ak Bulak"]
[Date "2022.03.21"]
[Round "2"]
[White "Madi, Aidana"]
[Black "Kairbekova, Amina"]
[Result "0-1"]
[WhiteElo "1402"]
[BlackElo "2179"]
[PlyCount "87"]
[EventDate "2022.03.20"]
[EventType "swiss"]
[EventRounds "9"]
[EventCountry "KAZ"]
[SourceTitle "EXT 2023"]
[Source "ChessBase"]
[SourceDate "2022.10.05"]
[SourceVersion "1"]
[SourceVersionDate "2022.10.05"]
[SourceQuality "1"]

1. e4 e5 2. Nf3 Nc6 3. Bb5 a6 4. Bxc6 dxc6 5. 0-0 Qf6 6. d4 exd4 7. Qxd4 Qxd4 8. Nxd4 Bd7 9. Nc3 0-0-0 10. Be3 Nf6 11. a4 Bb4 12. f3 Rhe8 13. Rfd1 Bxc3 14. bxc3 c5 15. Nb3 b6 16. c4 a5 17. Nd2 Bc6 18. g4 Nd7 19. h3 h5 20. g5 f5 21. gxf6 gxf6 22. Kf2 Rg8 23. f4 Rde8 24. Rg1 Rxg1 25. Rxg1 Bxa4 26. Nb3 Rxe4 27. Rg8+ Kb7 28. Ke2 Rxc4 29. Kd3 Rb4 30. Kc3 Re4 31. Kd2 c4 32. Nd4 c3+ 33. Ke2 c5 34. Nf5 Rb4 35. Kd3 Rb2 36. Rg2 Rb1 37. Kxc3 Rh1 38. h4 Rh3 39. Kd2 Kc7 40. c3 Bc6 41. Rg8 a4 42. Ne7 Be4 43. Rg1 Rh2+ 44. Ke1 0-1